000 01271nmc a2200409 a 4500
003 AR-BaBNM
005 20251128204746.0
008 135119s1976 ||||||||||||||000 | spa||
020 _a950-507-177-9
040 _cAR-BaBNM
100 1 _aRinderknecht, Patricia
245 1 0 _aManual de juegos
_bpara niños y jóvenes. 1
250 _a15ª ed.
260 _aBuenos Aires
_bBonum
_c1976
300 0 _a204 p.
_bcuadros, il.
490 0 _aJuegos y dinámicas
500 0 _aEl texto está acompañado por reseña bibliográfica
500 0 _aContiene índice con los nombres de los juegos y con las pautas para usar el material a partir de p. 204
500 0 _aRepertorio de 200 juegos al servicio de la educación
500 0 _aEn el índice se indica la edad adecuada y la cantidad de jugadores requerida
650 4 _aCREATIVIDAD
650 4 _aDINAMICA DE GRUPO
650 4 _aJUEGOS EDUCATIVOS
650 4 _aAPRENDIZAJE
650 4 _aDOCENTES
650 4 _aPARTICIPACION DE LOS JOVENES
650 4 _aMETODOS DE APRENDIZAJE
650 4 _aAULAS
650 4 _aOCIO
650 4 _aTIEMPO LIBRE
650 4 _aACTIVIDADES JUVENILES
650 4 _aJUVENTUD
650 4 _aROL
700 1 _aPerez Aguirre, Luis
942 _cBK
998 _cGLORIA
999 _c8707
_d8707